[Event "Santa Clara Presidents Day GM"]
[Site "Santa Clara"]
[Date "2024.02.18"]
[Round "5"]
[White "Budisavljevic, Luka"]
[Black "Sathish, Pranav"]
[Result "1/2-1/2"]
[WhiteElo "2475"]
[BlackElo "2357"]
[PlyCount "97"]
[EventDate "2024.02.13"]
[EventType "tourn"]
[EventRounds "9"]
[EventCountry "USA"]
[SourceTitle "CB08_2024"]
[SourceDate "2024.02.21"]
[SourceVersion "1"]
[SourceVersionDate "2024.02.21"]
[SourceQuality "1"]

1. d4 d5 2. c4 c6 3. cxd5 cxd5 4. Nc3 Nf6 5. Bf4 Nc6 6. e3 a6 7. Be2 Bf5 8. Nf3 e6 9. Qb3 Bb4 10. Ne5 Bxc3+ 11. bxc3 0-0 12. Qxb7 Qa5 13. 0-0 Nxe5 14. Bxe5 Ne4 15. Qb4 Qxb4 16. cxb4 Nc3 17. Bf3 Bd3 18. Rfe1 Rfc8 19. Bd6 a5 20. a3 Ra6 21. Bc5 axb4 22. axb4 Rca8 23. Ra5 f6 24. h4 Na2 25. e4 Rxa5 26. bxa5 dxe4 27. Bxe4 Bxe4 28. Rxe4 Rxa5 29. Rxe6 Nc3 30. Re3 Nd5 31. Rb3 Nf4 32. Bb6 Rd5 33. g3 Ne6 34. Rb4 Rd7 35. Rc4 Rd6 36. Bc5 Rd5 37. f3 Kf7 38. Kf2 f5 39. Ke3 Kf6 40. Bb4 h6 41. Rc6 f4+ 42. gxf4 Kf5 43. Bc5 Nxf4 44. Rc8 Ng2+ 45. Kd3 Nxh4 46. Kc4 Rd7 47. Rf8+ Kg6 48. Rf4 Kg5 49. Rg4+ 1/2-1/2

[Event "Sunnyvale 1000 GM Winter 01"]
[Site "Sunnyvale"]
[Date "2024.01.04"]
[Round "5"]
[White "Sathish, Pranav"]
[Black "Delgado Ramirez, Neuris"]
[Result "0-1"]
[WhiteElo "2357"]
[BlackElo "2517"]
[PlyCount "82"]
[EventDate "2024.01.02"]
[EventType "schev"]
[EventRounds "9"]
[EventCountry "USA"]
[SourceTitle "CB02_2024"]
[SourceDate "2024.01.10"]
[SourceVersion "1"]
[SourceVersionDate "2024.01.10"]
[SourceQuality "1"]

1. Nf3 Nf6 2. b3 g6 3. Bb2 Bg7 4. g3 b6 5. Bg2 Bb7 6. 0-0 0-0 7. c4 e6 8. d4 d5 9. cxd5 exd5 10. Nc3 Na6 11. Rc1 Re8 12. e3 c5 13. dxc5 Nxc5 14. b4 Nce4 15. Qe2 Qe7 16. a3 Rac8 17. Nd4 h5 18. Bh3 Nxc3 19. Bxc3 Rc4 20. Bb2 Ne4 21. Rfd1 h4 22. Bf1 Bh6 23. Re1 a6 24. Nf3 hxg3 25. hxg3 Rec8 26. Nd4 Nxg3 27. fxg3 Rxc1 28. Rxc1 Qxe3+ 29. Kh2 Rxc1 30. Bxc1 Qxc1 31. Qe8+ Bf8 32. Bg2 Qc7 33. a4 Qc8 34. Qxc8 Bxc8 35. Bxd5 Bxb4 36. Kg2 Kg7 37. Kf3 Bd7 38. Bc4 Bxa4 39. Bxa6 Bc5 40. Ke4 Bxd4 41. Kxd4 Kf6 0-1

[Event "Sunnyvale 1000 GM Thanksgiving GM"]
[Site "Sunnyvale"]
[Date "2023.11.23"]
[Round "2"]
[White "Stopa, Jacek"]
[Black "Sathish, Pranav"]
[Result "1/2-1/2"]
[WhiteElo "2351"]
[BlackElo "2412"]
[PlyCount "76"]
[EventDate "2023.11.22"]
[EventType "schev"]
[EventRounds "9"]
[EventCountry "USA"]
[SourceTitle "CB48_2023"]
[SourceDate "2023.11.29"]
[SourceVersion "1"]
[SourceVersionDate "2023.11.29"]
[SourceQuality "1"]

1. Nf3 f5 2. g3 g6 3. Bg2 Bg7 4. d4 Nf6 5. 0-0 0-0 6. b3 d6 7. Bb2 c6 8. Nbd2 Nbd7 9. Re1 e5 10. dxe5 Ng4 11. Nc4 d5 12. e6 Ndf6 13. Nce5 Nxe5 14. Bxe5 Bxe6 15. Qd4 Qe7 16. c4 c5 17. Qf4 Rad8 18. cxd5 Bxd5 19. Rad1 Ne4 20. Bxg7 Kxg7 21. Qc1 b6 22. Rd3 Bb7 23. Red1 Ba6 24. Rxd8 Rxd8 25. Rxd8 Qxd8 26. Bf1 Bb7 27. Qa1+ Qf6 28. Qd1 Bc6 29. Bg2 Nc3 30. Qc2 Ne4 31. Nd2 Nc3 32. Nc4 Bxg2 33. Kxg2 Qd4 34. a4 Ne4 35. e3 Qd5 36. f3 Ng5 37. Qc3+ Kf7 38. Nd2 Ne6 1/2-1/2

[Event "Pan American-ch U20"]
[Site "Vila Santa Cecilia"]
[Date "2023.11.10"]
[Round "8.6"]
[White "Sathish, Pranav"]
[Black "Filgueiras, Nathan Felipe"]
[Result "1-0"]
[WhiteElo "2412"]
[BlackElo "2323"]
[PlyCount "120"]
[EventDate "2023.11.06"]
[EventType "swiss"]
[EventRounds "9"]
[EventCountry "BRA"]
[SourceTitle "CB46_2023"]
[SourceDate "2023.11.15"]
[SourceVersion "1"]
[SourceVersionDate "2023.11.15"]
[SourceQuality "1"]

1. Nf3 d5 2. b3 Bg4 3. Bb2 Nd7 4. e3 Ngf6 5. h3 Bh5 6. g4 Bg6 7. g5 Ne4 8. d3 Nd6 9. Nh4 e5 10. Nxg6 hxg6 11. Qg4 Be7 12. Bg2 Bxg5 13. Bxd5 Qe7 14. Ba3 0-0-0 15. Qg2 Qf6 16. Nd2 Bh4 17. Bxd6 Qxd6 18. Bxb7+ Kb8 19. 0-0-0 Qb4 20. Bd5 Nb6 21. Bc4 Be7 22. Bxf7 Qc3 23. Nb1 Qa1 24. Kd2 Qxa2 25. Rc1 Rhf8 26. Bxg6 Bb4+ 27. Ke2 Rd5 28. Qe4 a5 29. Rhd1 Rc5 30. d4 exd4 31. Rxd4 Qb2 32. Rcd1 Ka7 33. Nd2 Bc3 34. Rb1 Qa2 35. Qe7 Bxd4 36. Qxf8 Qa3 37. Nc4 Qb4 38. Be4 Rxc4 39. Qxb4 Rxb4 40. exd4 Rxd4 41. Ke3 Rd6 42. Ra1 a4 43. bxa4 Nc4+ 44. Ke2 Re6 45. Kd3 Nd6 46. Bd5 Rh6 47. Bg2 Rf6 48. Rf1 Kb6 49. f4 Kc5 50. Be4 Rh6 51. Rf3 Re6 52. Bh7 Rh6 53. Bg8 Nf5 54. Ke4 Nd6+ 55. Ke5 Kb4 56. Bb3 Rf6 57. f5 Rh6 58. Be6 Rh4 59. Rf4+ Rxf4 60. Kxf4 Kxa4 1-0

[Event "Pan American-ch U20"]
[Site "Vila Santa Cecilia"]
[Date "2023.11.09"]
[Round "6.8"]
[White "Sathish, Pranav"]
[Black "Castro Salgado, Pablo Alonso"]
[Result "1-0"]
[WhiteElo "2412"]
[BlackElo "2150"]
[PlyCount "91"]
[EventDate "2023.11.06"]
[EventType "swiss"]
[EventRounds "9"]
[EventCountry "BRA"]
[SourceTitle "CB46_2023"]
[SourceDate "2023.11.15"]
[SourceVersion "1"]
[SourceVersionDate "2023.11.15"]
[SourceQuality "1"]

1. Nf3 d5 2. b3 Bg4 3. Bb2 Nd7 4. e3 e6 5. h3 Bh5 6. d3 c6 7. Nbd2 a5 8. a3 Ngf6 9. Be2 h6 10. Nh4 Bxe2 11. Qxe2 Bd6 12. e4 Be5 13. d4 Nxe4 14. Nxe4 Qxh4 15. dxe5 Qxe4 16. Qxe4 dxe4 17. 0-0-0 a4 18. b4 c5 19. Rhe1 cxb4 20. Rxe4 b3 21. Rc4 b6 22. Rd6 Ke7 23. Rc7 Rhd8 24. cxb3 Ke8 25. b4 Rab8 26. Bd4 b5 27. Kc2 Nf8 28. Rxd8+ Rxd8 29. Bc5 Ng6 30. Bd6 Rb8 31. g3 Rb6 32. Kc3 Rb8 33. Kd4 h5 34. Rxf7 Kxf7 35. Bxb8 Ne7 36. Kc5 Nd5 37. Kxb5 Nc3+ 38. Ka5 Ke8 39. Ba7 h4 40. gxh4 Kd7 41. Bd4 Ne2 42. Be3 Nc3 43. b5 Kc7 44. Ka6 Nd5 45. Ba7 Kc8 46. b6 1-0

[Event "Pan American-ch U20"]
[Site "Vila Santa Cecilia"]
[Date "2023.11.07"]
[Round "3.7"]
[White "Sathish, Pranav"]
[Black "Casalaspro, Mathias Andre"]
[Result "1/2-1/2"]
[WhiteElo "2412"]
[BlackElo "2060"]
[PlyCount "81"]
[EventDate "2023.11.06"]
[EventType "swiss"]
[EventRounds "9"]
[EventCountry "BRA"]
[SourceTitle "CB46_2023"]
[SourceDate "2023.11.15"]
[SourceVersion "1"]
[SourceVersionDate "2023.11.15"]
[SourceQuality "1"]

1. Nf3 Nf6 2. b3 g6 3. Bb2 Bg7 4. g3 0-0 5. Bg2 d6 6. d4 b5 7. 0-0 Bb7 8. Qd3 a6 9. Nbd2 Nbd7 10. c4 e6 11. Rac1 c5 12. e3 Qb6 13. Qe2 b4 14. e4 cxd4 15. Bxd4 Qc6 16. Ne1 e5 17. Bb2 Ne8 18. Nd3 Qb6 19. c5 dxc5 20. Qe3 Nd6 21. Bh3 f5 22. exf5 Nxf5 23. Bxf5 Rxf5 24. Nxc5 Nxc5 25. Rxc5 Raf8 26. Nc4 Qe6 27. Rc7 Ba8 28. Rxg7+ Kxg7 29. Nxe5 Kg8 30. Ng4 Qxe3 31. Nxe3 Ra5 32. Ra1 Rd8 33. Nc4 Rad5 34. Kf1 Rd3 35. Re1 Rd1 36. Rxd1 Rxd1+ 37. Ke2 Rb1 38. Bd4 Bd5 39. Ne3 Be6 40. Kd2 Rh1 41. h4 1/2-1/2

[Event "Sunnyvale 1000 GM 10"]
[Site "Sunnyvale"]
[Date "2023.10.15"]
[Round "9"]
[White "Lopez Silva, Hugo Andres"]
[Black "Sathish, Pranav"]
[Result "1/2-1/2"]
[WhiteElo "2413"]
[BlackElo "2415"]
[PlyCount "61"]
[EventDate "2023.10.06"]
[EventType "schev"]
[EventRounds "10"]
[EventCountry "USA"]
[SourceTitle "Mega2024 Update 01"]
[Source "Chessbase"]
[SourceDate "2023.11.12"]
[SourceVersion "1"]
[SourceVersionDate "2023.11.12"]
[SourceQuality "1"]

1. c4 c6 2. e4 d5 3. exd5 cxd5 4. d4 Nf6 5. Nc3 Nc6 6. Nf3 Bg4 7. cxd5 Nxd5 8. Qb3 Bxf3 9. gxf3 e6 10. Qxb7 Nxd4 11. Bb5+ Nxb5 12. Qc6+ Ke7 13. Qxb5 Qd7 14. Nxd5+ exd5 15. Qb3 Kf6 16. 0-0 Bd6 17. Kg2 Qf5 18. Rd1 Qe5 19. f4 Qe4+ 20. Kg1 Bxf4 21. Bxf4 Qxf4 22. Rxd5 Rhd8 23. Qc3+ Kg6 24. Qd3+ f5 25. Re1 Rxd5 26. Qxd5 Rf8 27. Qg2+ Kf7 28. Qd5+ Kg6 29. Qg2+ Kf7 30. Qd5+ Kg6 31. Qg2+ 1/2-1/2

[Event "Sunnyvale 1000 GM 10"]
[Site "Sunnyvale"]
[Date "2023.10.06"]
[Round "1"]
[White "Arenas Vanegas, David"]
[Black "Sathish, Pranav"]
[Result "1/2-1/2"]
[WhiteElo "2412"]
[BlackElo "2415"]
[PlyCount "47"]
[EventDate "2023.10.06"]
[EventType "schev"]
[EventRounds "10"]
[EventCountry "USA"]
[SourceTitle "Mega2024 Update 01"]
[Source "Chessbase"]
[SourceDate "2023.11.12"]
[SourceVersion "1"]
[SourceVersionDate "2023.11.12"]
[SourceQuality "1"]

1. e4 e5 2. Nf3 Nc6 3. Bb5 Nf6 4. 0-0 Nxe4 5. Re1 Nd6 6. Nxe5 Be7 7. Bf1 Nxe5 8. Rxe5 0-0 9. d4 Bf6 10. Re1 Re8 11. c3 Rxe1 12. Qxe1 Ne8 13. Bf4 d5 14. Bd3 g6 15. Nd2 Ng7 16. Qe2 c6 17. Re1 Bf5 18. Bxf5 Nxf5 19. Nf3 h5 20. Be5 Nd6 21. Bxf6 Qxf6 22. Ne5 Re8 23. Qf3 Qxf3 24. Nxf3 1/2-1/2

[Event "Sunnyvale Silicon Valley Fall op"]
[Site "Sunnyvale"]
[Date "2023.09.02"]
[Round "5"]
[White "Sathish, Pranav"]
[Black "Burke, John M"]
[Result "1/2-1/2"]
[WhiteElo "2429"]
[BlackElo "2604"]
[PlyCount "162"]
[EventDate "2023.08.31"]
[EventType "swiss"]
[EventRounds "9"]
[EventCountry "USA"]
[SourceTitle "EXT 2024"]
[Source "ChessBase"]
[SourceDate "2023.10.10"]
[SourceVersion "1"]
[SourceVersionDate "2023.10.10"]
[SourceQuality "1"]

1. Nf3 d5 2. b3 Nf6 3. Bb2 Bf5 4. d3 h6 5. Nbd2 e6 6. g3 Be7 7. Bg2 0-0 8. 0-0 a5 9. a3 Bh7 10. c4 c6 11. Qc2 Qb6 12. Bc3 c5 13. cxd5 exd5 14. e4 Qa6 15. Rfe1 Nc6 16. Ne5 Nxe5 17. Bxe5 dxe4 18. Nxe4 Nd7 19. Bb2 Rfe8 20. d4 cxd4 21. Bxd4 Nf8 22. Qb2 Ne6 23. Bc3 Rad8 24. b4 axb4 25. Bxb4 Bxb4 26. axb4 Qb6 27. Nc3 Rd3 28. Nd5 Qd8 29. Rad1 Nd4 30. Ne3 Nc6 31. Nd5 Bg6 32. Rxe8+ Qxe8 33. Qa1 Qe5 34. Nf4 Rxd1+ 35. Qxd1 Bf5 36. h4 Be4 37. Qd7 Nxb4 38. Qd8+ Kh7 39. Bxe4+ Qxe4 40. Qd7 Nc2 41. Qxf7 Nd4 42. h5 Nf3+ 43. Kf1 Nd2+ 44. Kg1 Qe1+ 45. Kh2 Qxf2+ 46. Kh3 Qf1+ 47. Kg4 Qf3+ 48. Kh3 Qe4 49. Nd5 Qh1+ 50. Kg4 Qd1+ 51. Kf5 Qf3+ 52. Ke6 Qxf7+ 53. Kxf7 Ne4 54. g4 b5 55. Ke6 Kg8 56. Kf5 Nf6 57. Nb4 Kf7 58. Nc6 Nd5 59. Ne5+ Ke7 60. Kg6 Kd6 61. Nd3 Nf6 62. Kxg7 Nxg4 63. Kg6 Ke6 64. Nb4 Ke5 65. Na6 Nf6 66. Nc5 Ng8 67. Kg7 Kf5 68. Kxg8 Kg5 69. Kf7 Kxh5 70. Ke6 Kg4 71. Kd5 Kf3 72. Kd4 h5 73. Ne4 b4 74. Ng5+ Kg4 75. Ne4 Kf4 76. Nf2 Kf3 77. Nh3 Kg3 78. Ng5 h4 79. Kc4 b3 80. Kxb3 h3 81. Nxh3 Kxh3 1/2-1/2

[Event "Sunnyvale Silicon Valley Fall op"]
[Site "Sunnyvale"]
[Date "2023.08.31"]
[Round "1"]
[White "Sathish, Pranav"]
[Black "Tang, Dylan"]
[Result "1/2-1/2"]
[WhiteElo "2429"]
[BlackElo "2148"]
[PlyCount "51"]
[EventDate "2023.08.31"]
[EventType "swiss"]
[EventRounds "9"]
[EventCountry "USA"]
[SourceTitle "EXT 2024"]
[Source "ChessBase"]
[SourceDate "2023.10.10"]
[SourceVersion "1"]
[SourceVersionDate "2023.10.10"]
[SourceQuality "1"]

1. Nf3 d5 2. b3 Nf6 3. Bb2 e6 4. c4 Be7 5. e3 0-0 6. Nc3 c5 7. cxd5 Nxd5 8. Nxd5 exd5 9. d4 Nc6 10. Be2 Bg4 11. dxc5 Bxc5 12. 0-0 Re8 13. Rc1 Bb6 14. h3 Bh5 15. Re1 Qd6 16. Nd4 Bg6 17. Nb5 Qe6 18. Bg4 f5 19. Bf3 Rad8 20. Qd2 Rd7 21. Red1 Red8 22. Nd4 Qf6 23. Nxc6 bxc6 24. Qc3 Rc7 25. Qe5 Qxe5 26. Bxe5 1/2-1/2

[Event "Titled Tuesday intern op 08th Aug Late"]
[Site "Chess.com INT"]
[Date "2023.08.08"]
[Round "4"]
[White "Kacprzak, Karol1111"]
[Black "Sathish, Pranav"]
[Result "1/2-1/2"]
[WhiteElo "2315"]
[BlackElo "2441"]
[PlyCount "165"]
[EventDate "2023.08.08"]
[EventType "swiss (blitz)"]
[EventRounds "11"]
[EventCountry "USA"]
[SourceTitle "EXT 2024"]
[Source "ChessBase"]
[SourceDate "2023.10.10"]
[SourceVersion "1"]
[SourceVersionDate "2023.10.10"]
[SourceQuality "1"]

1. Nf3 d5 2. b3 Bg4 3. Bb2 Nd7 4. e3 e5 5. Be2 Bd6 6. d4 e4 7. Ne5 Bxe2 8. Qxe2 c6 9. 0-0 Ngf6 10. c4 Qe7 11. cxd5 Nxd5 12. Nxd7 Qxd7 13. Nc3 Nxc3 14. Bxc3 0-0 15. Qh5 f5 16. Rad1 Qe6 17. Rd2 Qd5 18. Bb2 f4 19. Qxd5+ cxd5 20. Rc1 fxe3 21. fxe3 Rfc8 22. Rdc2 Rxc2 23. Rxc2 Kf7 24. Bc1 Ke6 25. h3 Kd7 26. Kf2 Rc8 27. Rxc8 Kxc8 28. Bd2 Kd7 29. Ke2 Ke6 30. Be1 g5 31. g4 h6 32. Kd1 b5 33. a4 a6 34. Ba5 Kd7 35. Kd2 b4 36. Bb6 Ke7 37. Kc2 Kd7 38. Kd2 Be7 39. Ke2 Kc6 40. Ba5 Kd7 41. Kf2 Kc6 42. Kg3 Bd6+ 43. Kg2 Be7 44. Kf1 Kd7 45. Ke2 Kc6 46. Kd2 Kd7 47. Ke2 Kc6 48. Kd1 Kd7 49. Kc2 Kc6 50. Kb1 Kd7 51. Kb2 Kc6 52. Ka1 Kd7 53. Ka2 Kc6 54. Kb1 Kd7 55. Kb2 Bd6 56. Kc1 Kc6 57. Bd8 Bf8 58. Bf6 Kd7 59. Kc2 Ke6 60. Be5 Kf7 61. Kd1 Bg7 62. Bd6 Bf8 63. Bc7 Ke8 64. Ke2 Kd7 65. Be5 Ke8 66. Kf1 Kf7 67. Kg2 Bg7 68. Bd6 Bf8 69. Bc7 Ke6 70. Be5 Kf7 71. h4 Bg7 72. Bd6 Bf8 73. Bc7 Ke6 74. Kh3 Kd7 75. Be5 Ke6 76. Bb8 Be7 77. Bc7 Bf8 78. Bd8 Be7 79. Ba5 Bf8 80. Bb6 Be7 81. Bc7 Bd6 82. Bd8 Be7 83. Bc7 1/2-1/2

[Event "Titled Tuesday intern op 08th Aug Late"]
[Site "Chess.com INT"]
[Date "2023.08.08"]
[Round "2"]
[White "Sathish, Pranav"]
[Black "Fernandez Bustamante, Leancy B"]
[Result "1-0"]
[WhiteElo "2441"]
[BlackElo "2059"]
[PlyCount "105"]
[EventDate "2023.08.08"]
[EventType "swiss (blitz)"]
[EventRounds "11"]
[EventCountry "USA"]
[SourceTitle "EXT 2024"]
[Source "ChessBase"]
[SourceDate "2023.10.10"]
[SourceVersion "1"]
[SourceVersionDate "2023.10.10"]
[SourceQuality "1"]

1. Nf3 c5 2. b3 Nf6 3. Bb2 e6 4. g3 Be7 5. Bg2 0-0 6. 0-0 d6 7. c4 Nc6 8. d4 cxd4 9. Nxd4 Nxd4 10. Qxd4 a6 11. Nc3 Rb8 12. a4 Qa5 13. Rfd1 Qh5 14. Bf3 Qh6 15. Ba3 Rd8 16. Qa7 Bd7 17. Bxd6 Bxd6 18. Rxd6 Bc6 19. Rad1 Re8 20. Bxc6 bxc6 21. Qxb8 Rxb8 22. Rd8+ Ne8 23. Rxb8 Kf8 24. Rdd8 g6 25. Rxe8+ Kg7 26. Ne4 Qc1+ 27. Kg2 Qb1 28. Ng5 h6 29. Nf3 Qe4 30. Rg8+ Kf6 31. Rgd8 c5 32. Rd3 g5 33. Re3 Qc6 34. h3 h5 35. Rg8 g4 36. hxg4 hxg4 37. Rxg4 a5 38. Rf4+ Ke7 39. Kh2 Qa8 40. Ne5 Qh8+ 41. Kg2 Qa8+ 42. Kg1 f5 43. Nd3 Kf6 44. Nxc5 e5 45. Nd7+ Kg5 46. Nxe5 Qb8 47. Ref3 Qb4 48. Rxf5+ Kh6 49. Kg2 Qb7 50. Rf6+ Kh5 51. g4+ Kh4 52. Rh6+ Kg5 53. Rh5# 1-0

[Event "Titled Tuesday intern op 08th Aug Late"]
[Site "Chess.com INT"]
[Date "2023.08.08"]
[Round "5"]
[White "Sathish, Pranav"]
[Black "Goltsev, Dmitry"]
[Result "1-0"]
[WhiteElo "2441"]
[BlackElo "2251"]
[PlyCount "87"]
[EventDate "2023.08.08"]
[EventType "swiss (blitz)"]
[EventRounds "11"]
[EventCountry "USA"]
[SourceTitle "EXT 2024"]
[Source "ChessBase"]
[SourceDate "2023.10.10"]
[SourceVersion "1"]
[SourceVersionDate "2023.10.10"]
[SourceQuality "1"]

1. Nf3 d5 2. b3 Nf6 3. Bb2 g6 4. c4 Bg7 5. e3 0-0 6. cxd5 Nxd5 7. Bxg7 Kxg7 8. Nc3 Nc6 9. Bc4 Nb6 10. d4 Bg4 11. Be2 Qd7 12. h3 Bxf3 13. Bxf3 Rad8 14. 0-0 e5 15. dxe5 Qe6 16. Qe2 Nxe5 17. Bxb7 c6 18. Ba6 Qf5 19. Rad1 h5 20. Rxd8 Rxd8 21. Rd1 Re8 22. Bd3 Qf6 23. Ne4 Qe7 24. Bc2 Nd5 25. Qd2 Qe6 26. Nc3 Nf6 27. f4 Ned7 28. e4 Nc5 29. e5 Nfd7 30. b4 Qc4 31. bxc5 Nxc5 32. Qd4 Qxd4+ 33. Rxd4 Ne6 34. Rc4 Rd8 35. f5 gxf5 36. Bxf5 Nd4 37. Be4 a5 38. Bxc6 Ne6 39. Bd5 Ng5 40. h4 Nh7 41. Rc7 Re8 42. Rxf7+ Kg6 43. e6 Nf6 44. Rc7 1-0

[Event "Titled Tuesday intern op 01st Aug Late"]
[Site "Chess.com INT"]
[Date "2023.08.01"]
[Round "3"]
[White "Eke, Salih"]
[Black "Sathish, Pranav"]
[Result "1-0"]
[WhiteElo "2230"]
[BlackElo "2441"]
[PlyCount "41"]
[EventDate "2023.08.01"]
[EventType "swiss (blitz)"]
[EventRounds "11"]
[EventCountry "USA"]
[SourceTitle "EXT 2024"]
[Source "ChessBase"]
[SourceDate "2023.10.10"]
[SourceVersion "1"]
[SourceVersionDate "2023.10.10"]
[SourceQuality "1"]

1. e4 c5 2. Nf3 Nc6 3. d4 cxd4 4. Nxd4 e5 5. Nxc6 bxc6 6. Nc3 Nf6 7. Bc4 Bb4 8. 0-0 Bxc3 9. bxc3 Nxe4 10. Qh5 Qf6 11. Ba3 d5 12. Rae1 Be6 13. Ba6 g6 14. Qh6 Kd7 15. Rxe4 dxe4 16. Rd1+ Kc7 17. Bd6+ Kb6 18. Be2 Bd5 19. Rb1+ Ka5 20. Bb4+ Ka4 21. Rb3 1-0

[Event "Titled Tuesday intern op 01st Aug Late"]
[Site "Chess.com INT"]
[Date "2023.08.01"]
[Round "9"]
[White "Sathish, Pranav"]
[Black "Karwowski, Kacper"]
[Result "1-0"]
[WhiteElo "2441"]
[BlackElo "2155"]
[PlyCount "97"]
[EventDate "2023.08.01"]
[EventType "swiss (blitz)"]
[EventRounds "11"]
[EventCountry "USA"]
[SourceTitle "EXT 2024"]
[Source "ChessBase"]
[SourceDate "2023.10.10"]
[SourceVersion "1"]
[SourceVersionDate "2023.10.10"]
[SourceQuality "1"]

1. Nf3 Nf6 2. b3 g6 3. g3 Bg7 4. Bb2 0-0 5. Bg2 d5 6. c4 c6 7. 0-0 a5 8. Nc3 Na6 9. d4 Bf5 10. Rc1 Ne4 11. Nxe4 Bxe4 12. e3 Qd7 13. Ne1 Bxg2 14. Kxg2 Rfe8 15. Nf3 b5 16. Qe2 a4 17. c5 axb3 18. axb3 Nc7 19. Ra1 Rxa1 20. Rxa1 Ra8 21. Rxa8+ Nxa8 22. Bc3 Qa7 23. Qb2 Nc7 24. Ne1 Ne6 25. Nd3 h5 26. h4 Bf6 27. Nb4 Nd8 28. Kf1 e6 29. Ke2 Kf8 30. Kd2 Ke8 31. Kc2 Kd7 32. Kb1 Nb7 33. Qe2 Nxc5 34. Qc2 Ne4 35. Bb2 Qb7 36. Nd3 b4 37. f3 Qc7 38. fxe4 Qxg3 39. exd5 cxd5 40. Nxb4 Be7 41. Qc6+ Kd8 42. Qa8+ Kd7 43. Nd3 Bd6 44. Qb7+ Ke8 45. Nc5 Kf8 46. Qc8+ Kg7 47. Qd7 Kf6 48. e4 Bxc5 49. dxc5+ 1-0

[Event "Sunnyvale 1000 GM 07"]
[Site "Sunnyvale"]
[Date "2023.07.29"]
[Round "3"]
[White "Sathish, Pranav"]
[Black "Zaloznyy, Mike"]
[Result "1-0"]
[WhiteElo "2448"]
[BlackElo "2172"]
[PlyCount "111"]
[EventDate "2023.07.28"]
[EventType "schev"]
[EventRounds "9"]
[EventCountry "USA"]
[SourceTitle "CBM 215 Extra"]
[Source "ChessBase"]
[SourceDate "2023.09.30"]
[SourceVersion "1"]
[SourceVersionDate "2023.09.30"]
[SourceQuality "1"]

1. Nf3 d5 2. b3 Nf6 3. Bb2 e6 4. c4 Nbd7 5. g3 b6 6. Bg2 Bb7 7. 0-0 Bd6 8. cxd5 exd5 9. Nc3 a6 10. Rc1 0-0 11. e3 Re8 12. Ne2 Ne5 13. Nxe5 Bxe5 14. Bxe5 Rxe5 15. Nd4 Qd7 16. Qc2 c5 17. Nf3 Ree8 18. d4 Rac8 19. dxc5 bxc5 20. Rfd1 d4 21. exd4 cxd4 22. Qd3 Rxc1 23. Rxc1 Bxf3 24. Bxf3 Re6 25. Rc4 Rd6 26. Ra4 h5 27. Be2 Ng4 28. Rxa6 Rxa6 29. Qxa6 Qf5 30. Qa8+ Kh7 31. Qf3 Qb1+ 32. Kg2 Qxa2 33. h3 Nf6 34. Bc4 Qa7 35. Qf5+ Kg8 36. Qc8+ Kh7 37. b4 Qe7 38. Bd3+ g6 39. b5 Ne4 40. b6 Nxf2 41. Qc7 Qe6 42. Bc4 Qxh3+ 43. Kxf2 Qf5+ 44. Qf4 Qc2+ 45. Be2 Qb2 46. Qxf7+ Kh6 47. Qf4+ Kg7 48. Qe5+ Kf7 49. Qc7+ Ke6 50. Qc6+ Ke7 51. Qxg6 d3 52. Qxd3 h4 53. Qe3+ Kd6 54. Qf4+ Kc5 55. gxh4 Kxb6 56. Qb8+ 1-0

[Event "Sunnyvale 1000 GM 07"]
[Site "Sunnyvale"]
[Date "2023.07.28"]
[Round "1"]
[White "Sathish, Pranav"]
[Black "Griffith, Kyron"]
[Result "1/2-1/2"]
[WhiteElo "2448"]
[BlackElo "2352"]
[PlyCount "64"]
[EventDate "2023.07.28"]
[EventType "schev"]
[EventRounds "9"]
[EventCountry "USA"]
[SourceTitle "CBM 215 Extra"]
[Source "ChessBase"]
[SourceDate "2023.09.30"]
[SourceVersion "1"]
[SourceVersionDate "2023.09.30"]
[SourceQuality "1"]

1. Nf3 d5 2. b3 Nf6 3. Bb2 e6 4. c4 Be7 5. e3 0-0 6. Nc3 dxc4 7. bxc4 c5 8. Be2 Nc6 9. d4 cxd4 10. Nxd4 Bd7 11. 0-0 a6 12. Rb1 Qc7 13. Qc2 Rfd8 14. Rfd1 Rac8 15. Rbc1 Qa5 16. Nb3 Qg5 17. Ne4 Nxe4 18. Qxe4 f5 19. Qf4 Qxf4 20. exf4 Be8 21. g3 Kf7 22. Bf3 Rxd1+ 23. Rxd1 b6 24. Be2 a5 25. Nd4 Nxd4 26. Bxd4 Bc5 27. Bxc5 Rxc5 28. Rd8 Bc6 29. Rc8 Ke7 30. f3 Bb7 31. Rxc5 bxc5 32. Kf2 Bc6 1/2-1/2

[Event "Titled Tuesday intern op 18th Jul Early"]
[Site "Chess.com INT"]
[Date "2023.07.18"]
[Round "3"]
[White "Sathish, Pranav"]
[Black "Agibileg, Uurtsaikh"]
[Result "1-0"]
[WhiteElo "2448"]
[BlackElo "2441"]
[PlyCount "55"]
[EventDate "2023.07.18"]
[EventType "swiss (blitz)"]
[EventRounds "11"]
[EventCountry "USA"]
[SourceTitle "EXT 2024"]
[Source "ChessBase"]
[SourceDate "2023.10.10"]
[SourceVersion "1"]
[SourceVersionDate "2023.10.10"]
[SourceQuality "1"]

1. Nf3 Nf6 2. b3 g6 3. Bb2 Bg7 4. g3 0-0 5. Bg2 c5 6. c4 d5 7. cxd5 Nxd5 8. Bxg7 Kxg7 9. 0-0 Nc6 10. d4 e6 11. dxc5 Qf6 12. Na3 b6 13. e4 Nc3 14. Qc2 Nb4 15. e5 Nxc2 16. exf6+ Kxf6 17. Nxc2 bxc5 18. Ne3 Ba6 19. Rfe1 Rad8 20. h4 h5 21. Bf1 Bxf1 22. Kxf1 Rd3 23. Kg2 Rfd8 24. Rec1 Nd5 25. Nxd5+ R8xd5 26. Rc2 e5 27. Ng5 R3d4 28. Rac1 1-0

[Event "Titled Tuesday intern op 18th Jul Early"]
[Site "Chess.com INT"]
[Date "2023.07.18"]
[Round "10"]
[White "Sathish, Pranav"]
[Black "Llanos, Guillermo"]
[Result "1-0"]
[WhiteElo "2448"]
[BlackElo "2288"]
[PlyCount "119"]
[EventDate "2023.07.18"]
[EventType "swiss (blitz)"]
[EventRounds "11"]
[EventCountry "USA"]
[SourceTitle "EXT 2024"]
[Source "ChessBase"]
[SourceDate "2023.10.10"]
[SourceVersion "1"]
[SourceVersionDate "2023.10.10"]
[SourceQuality "1"]

1. Nf3 Nf6 2. b3 g6 3. Bb2 Bg7 4. g3 b6 5. Bg2 Bb7 6. 0-0 0-0 7. c4 c5 8. d4 cxd4 9. Qxd4 Nc6 10. Qc3 Ne8 11. Qd2 Bxb2 12. Qxb2 Nf6 13. Nc3 d6 14. Rfd1 Rc8 15. Rac1 Qd7 16. e4 Qe8 17. Qe2 Nd7 18. Nd5 Nce5 19. Nd4 e6 20. Nc3 a6 21. f4 Nc6 22. Nxc6 Bxc6 23. Rxd6 e5 24. f5 Qe7 25. Rcd1 Nf6 26. Qe3 b5 27. Qg5 Kg7 28. c5 h6 29. Qe3 b4 30. Nd5 Bxd5 31. exd5 gxf5 32. Rf1 Ng4 33. Qd3 Rxc5 34. Rxa6 Rc3 35. Qxf5 Ne3 36. d6 Nxf5 37. dxe7 Nxe7 38. Ra7 Nc6 39. Rb7 Rc2 40. Be4 Rc3 41. Bd5 Kg6 42. Bxf7+ Kg5 43. h4+ Kg4 44. Be6+ Kxg3 45. Rg7+ Kxh4 46. Rxf8 Nd4 47. Rg4+ Kh5 48. Bd7 Ne2+ 49. Kf2 Nf4 50. Rgg8 Rc2+ 51. Ke1 Nd3+ 52. Kd1 Rxa2 53. Bg4+ Kh4 54. Rf3 Nf2+ 55. Rxf2 Rxf2 56. Be2 Rf4 57. Rg6 h5 58. Rh6 Rf5 59. Kd2 Rg5 60. Rb6 1-0